000 01109nam a22003257a 4500
003 CHAP
005 20220329141815.0
008 971013s1984 r 00010 d
010 _a74155
011 _a75127
035 _a84687
040 _cCHAP
090 _aTesis
100 0 0 _aGarza Ruiz, José Luis.
_947136
245 _aEstudio agrológico detallado del campo experimental de la F.A.U.A.N.L., Marín, N.L.
260 _aMarín, N.L. :
_bEl autor,
_c1984
300 _a107 h.
_b: gráfs.
502 _aTesis (Ing. Agrónomo Esp. en Fitotecnia) -- Univ. Autónoma de Nuevo León. Fac. de Agronomía
590 _aALEPH
_b10
_c20130110
_lUCH01
_h1418
590 _aBATCH-UPD
_b10
_c20130110
_lUCH01
_h0708
590 _aBATCH-UPD
_b10
_c20130410
_lUCH01
_h0354
590 _aBATCH-UPD
_b10
_c20130914
_lUCH01
_h1532
590 _aCONVERSION
_b10
_c20130109
_lUCH01
_h1341
650 1 4 _aIrrigación
_xNuevo León.
_960438
650 1 4 _aSuelos
_xNuevo León.
_9110453
700 0 _aAraujo Hernandez, Jose Maria.
_96539
901 _aBK
942 _cTESIS
949 _bBC
_cTES
_d-40131
_eTS1
_h19125
_i84687
_si
999 _c74155
_d74155